|
|
|
|
| LEADER |
01970Cam#a2200397#a#4500 |
| 001 |
000851 |
| 003 |
AR-BeUNQ |
| 005 |
20170928142416.0 |
| 008 |
950607s19691952ag d #########1###spa#d |
| 999 |
|
|
|c 3653
|d 79040
|
| 020 |
|
|
|a 9501333019
|
| 020 |
|
|
|a 9501333027
|
| 040 |
|
|
|a AR-BeUNQ
|
| 082 |
0 |
4 |
|a 515
|2 21
|
| 099 |
|
|
|a 20-R2
|
| 100 |
1 |
|
|a Rey Pastor, Julio
|
| 245 |
0 |
2 |
|a Análisis matemático .
|c Julio Rey Pastor, Pedro Pi Calleja, César A. Trejo.
|n Volumen I,
|p Análisis algebraico. Teoría de ecuaciones. Cálculo infinitesimal de una variable.
|
| 250 |
|
|
|a 8a. ed.
|
| 260 |
|
|
|a Buenos Aires :
|b Kapelusz,
|c 1969
|
| 300 |
|
|
|a xxviii, 836 p. :
|b gráficos ;
|c 23 cm.
|
| 500 |
|
|
|a Incluye respuestas a ejercicios, índice de símbolos y abreviaturas e índice alfabético.
|
| 505 |
0 |
|
|a Fundamentación del número racional -- El número real y el número complejo -- Combinatoria. Álgebra lineal -- Algoritmo algebraico -- El límite aritmético -- Las funciones reales y la continuidad -- Las funciones trascendentes elementales -- Funciones derivables -- Teoremas del valor medio y consecuencias -- Fórmula de Taylor. Ecuaciones algebraicas -- Series de potencias -- Interpolación y diferencias finitas -- El área y la integración -- Cálculo de primitivas y aplicaciones -- Aplicaciones geométricas y físicas -- Integración aproximada
|
| 650 |
|
7 |
|a Análisis (matemáticas)
|2 spines
|
| 650 |
|
7 |
|a Álgebra
|2 spines
|
| 650 |
|
7 |
|a Álgebra lineal
|2 spines
|
| 650 |
|
7 |
|a Funciones (matemáticas)
|2 spines
|
| 650 |
|
7 |
|a Análisis funcional
|2 spines
|
| 650 |
|
7 |
|a Cálculo diferencial
|2 spines
|
| 650 |
|
7 |
|a Ecuaciones
|2 spines
|
| 650 |
|
7 |
|a Series (matemáticas)
|2 spines
|
| 650 |
|
7 |
|a Cálculo integral
|2 spines
|
| 700 |
1 |
|
|a Pi Calleja, Pedro
|
| 700 |
1 |
|
|a Trejo, César A
|
| 929 |
|
|
|d 4,00E
|e 19950607
|g Exp. 0342/95
|j 11021
|
| 929 |
|
|
|a DONACION
|b Gustavo de Navas
|d 300,00
|e 20141104
|f PAT0056021
|g 2687 Exp. 827-0387/98
|j 53291
|
| 942 |
|
|
|c LIB
|n 0
|